Health and development: intersectoral linkages in India (Record no. 404461)

000 -LEADER
fixed length control field 00451cam a22001577a 4500
008 - FIXED-LENGTH DATA ELEMENTS--GENERAL INFORMATION
fixed length control field 180718b1997 xxu||||| |||| 00| 0 eng d
020 ## - INTERNATIONAL STANDARD BOOK NUMBER
International Standard Book Number 8170334043
082 ## - DEWEY DECIMAL CLASSIFICATION NUMBER
Classification number O1x54 N164
100 ## - MAIN ENTRY--PERSONAL NAME
Personal name Narayana, K.V.
245 ## - TITLE STATEMENT
Title Health and development: intersectoral linkages in India
Statement of responsibility, etc. by K.V. Narayana
260 ## - PUBLICATION, DISTRIBUTION, ETC.
Place of publication, distribution, etc. Jaipur
Name of publisher, distributor, etc. Rawat
Date of publication, distribution, etc. 1997
300 ## - PHYSICAL DESCRIPTION
Extent 197p.
650 ## - SUBJECT ADDED ENTRY--TOPICAL TERM
Topical term or geographic name entry element Medical care - India
650 ## - SUBJECT ADDED ENTRY--TOPICAL TERM
Topical term or geographic name entry element Public health - India
650 ## - SUBJECT ADDED ENTRY--TOPICAL TERM
Topical term or geographic name entry element Medical economics
Holdings
Withdrawn status Lost status Damaged status Not for loan Permanent Location Current Location Date acquired Full call number Barcode Date last seen Price effective from Koha item type
        Indian Institute of Public Administration Indian Institute of Public Administration 2005-08-29 O1x54 N164 80471 2018-07-21 2018-07-21 Book

Powered by Koha